បញ្្ហផ្គត់ផ្គងអុសដល់សិប្បកម្ម អិដ្ឋ ក្បឿង និង ឡចំហុយថ្នាំជក់នៅខេត្តកណ្ដាល (Record no. 2949)

000 -LEADER
fixed length control field 00607nam a22001577a 4500
003 - CONTROL NUMBER IDENTIFIER
control field OSt
005 - DATE AND TIME OF LATEST TRANSACTION
control field 20151101161930.0
008 - FIXED-LENGTH DATA ELEMENTS--GENERAL INFORMATION
fixed length control field 151101b xxu||||| |||| 00| 0 eng d
040 ## - CATALOGING SOURCE
Transcribing agency RUA
082 ## - DEWEY DECIMAL CLASSIFICATION NUMBER
Classification number FOR ហង់ជួន 1991 B116 Or.1
100 ## - MAIN ENTRY--PERSONAL NAME
9 (RLIN) 3161
Personal name ហង់ជួន ចំរុង
245 ## - TITLE STATEMENT
Title បញ្្ហផ្គត់ផ្គងអុសដល់សិប្បកម្ម អិដ្ឋ ក្បឿង និង ឡចំហុយថ្នាំជក់នៅខេត្តកណ្ដាល
260 ## - PUBLICATION, DISTRIBUTION, ETC. (IMPRINT)
Place of publication, distribution, etc. Phnom Penh
Name of publisher, distributor, etc. RUA
Date of publication, distribution, etc. 1991
300 ## - PHYSICAL DESCRIPTION
Extent 43p.
Other physical details ill.
Dimensions 29cm.
942 ## - ADDED ENTRY ELEMENTS (KOHA)
Source of classification or shelving scheme
Koha item type FOR
Holdings
Price effective from Date last seen Permanent Location Not for loan Date acquired Source of classification or shelving scheme Koha item type Barcode Lost status Damaged status Shelving location Withdrawn status Current Location Full call number
2015-11-012015-11-01Library Block B 2015-11-01 FORRUA026216  B116 Library Block BFOR ហង់ជួន 1991 B116 Or.1
2015-11-012015-11-01Library Block B 2015-11-01 FORRUA026288  B116 Library Block BFOR ហង់ជួន 1991 B116 Or.2
2015-11-012015-11-01Library Block B 2015-11-01 FORRUA026299  B116 Library Block BFOR ហង់ជួន 1991 B116 Or.3
2016-06-152016-06-15Library Block B 2016-06-15 FORRUA057006    Library Block BFOR ហង់ជួន 1991 B116 Or.4
មជ្ឈមណ្ឌលឯការនៃសាកលវិទ្យាល័យភូមិន្ទកសិកម្មចំការដូង

Powered by Koha